000 00680nam a2200169 a 4500
008 120416s0000 ||||||||||||||||| || u
020 _a0340584866
050 _aTK 7874 Dit
100 _aDitch, W
245 1 0 _aMicroelectronic systems 1
246 _aa practical approach
260 _aLondon
_bE. Arnold
_c1994
300 _avii, 248p. : ill.
350 _a0.00
995 _aANNEX COLLECTION (Main Library)
_D0.00
_e727018
_FCBU-MAIN LIBRARY (Kitwe)
_H1
_I14.99
_jTK 7874 Dit
_UAVAILABLE
_y018133
_ZAnnex Low-Usage Collection
995 _aANNEX COLLECTION (Main Library)
_D0.00
_e018134
_FCBU-MAIN LIBRARY (Kitwe)
_H2
_I14.99
_jTK 7874 Dit
_UAVAILABLE
_y018134
_ZAnnex Low-Usage Collection
999 _c82922
_d82922